logo

Bir Sreshtho Munshi Abdur Rouf Library
Jhenaidah Cadet College

আহ্কামুল কুরআন (কুরআনের বিধান) প্রথম খণ্ড / (Record no. 6368)

MARC details
000 -LEADER
fixed length control field 01042nam a2200241 a 4500
001 - CONTROL NUMBER
JCCL Control Number 6368
003 - CONTROL NUMBER IDENTIFIER
JCCL marc code BD-JhCC
005 - DATE AND TIME OF LATEST TRANSACTION
control field 20180122113928.0
008 - FIXED-LENGTH DATA ELEMENTS--GENERAL INFORMATION
fixed length control field 180122s1988 bg |||| ||a| 000 0 ben d
035 ## - SYSTEM CONTROL NUMBER
system control number (BD-JhCC)6368
040 ## - CATALOGING SOURCE
Original cataloging agency BD-JhCC
Modifying agency BD-JhCC
041 ## - LANGUAGE CODE
Language code of Book ben
082 ## - DEWEY DECIMAL CLASSIFICATION NUMBER
Classification number 297.1227
Author mark and Year ISL 1988
100 ## - MAIN ENTRY--PERSONAL NAME
Personal name ইসলাম, ইমাম হুজ্জাতুল
245 ## - TITLE STATEMENT
Title আহ্কামুল কুরআন (কুরআনের বিধান) প্রথম খণ্ড /
Statement of responsibility, etc ইমাম হুজ্জাতুল ইসলাম, আবু বকর ইবন আলী-আর-রাযী এবং আল-জাসসাস আল-হানাফী
260 ## - PUBLICATION, DISTRIBUTION, ETC. (IMPRINT)
Place of publication, distribution, etc ঢাকা :
Name of publisher, distributor, etc ইসলামিক ফাউণ্ডেশন বাংলাদেশ,
Date of publication, distribution, etc 1988
300 ## - PHYSICAL DESCRIPTION
Pagination 942 p. :
Dimensions 24 cm.
650 ## - SUBJECT ADDED ENTRY--TOPICAL TERM
Topical term or geographic name as entry element Al-Quran
700 ## - ADDED ENTRY--PERSONAL NAME
Personal name আলী-আর-রাযী, আবু বকর ইবন
700 ## - ADDED ENTRY--PERSONAL NAME
Personal name আল-হানাফী, আল-জাসসাস
942 ## - ADDED ENTRY ELEMENTS (KOHA)
Source of classification or shelving scheme Dewey Decimal Classification
Koha item type Books
Holdings
Source of classification or shelving scheme Damaged status Not for loan Home library Current library Shelving location Date of accession Cost, normal purchase price Total Checkouts Full call number Barcode Date last seen Copy number Koha item type
Dewey Decimal Classification     JCC Rouf Library JCC Rouf Library General Stacks 01/22/2018 200.00   297.1227 ISL 1988 480 01/22/2018 C-1 Books

JCC Library | Contacts | JCC Home

Last Update on 23 September 2017
Copyright @ 2017-2020 JCC Rouf Library
Rouf Library, Jhenidah Cadet College (JCC), Bangladesh